Soldering in Electronics Assembly / (Record no. 12131)
[ view plain ]
| 000 -LEADER | |
|---|---|
| fixed length control field | 01196nam a2200313 a 4500 |
| 001 - CONTROL NUMBER | |
| control field | 1609056 |
| 005 - DATE AND TIME OF LATEST TRANSACTION | |
| control field | 19950117144201.0 |
| 008 - FIXED-LENGTH DATA ELEMENTS--GENERAL INFORMATION | |
| fixed length control field | 941017s1992 enka b 001 0 eng d |
| 010 ## - LIBRARY OF CONGRESS CONTROL NUMBER | |
| LC control number | 94219704 |
| 020 ## - INTERNATIONAL STANDARD BOOK NUMBER | |
| International Standard Book Number | 0750605898 |
| Terms of availability | 40.00 |
| 035 ## - SYSTEM CONTROL NUMBER | |
| System control number | (OCoLC)27172066 |
| 040 ## - CATALOGING SOURCE | |
| Original cataloging agency | Uk |
| Transcribing agency | Uk |
| Modifying agency | DLC |
| 042 ## - AUTHENTICATION CODE | |
| Authentication code | lccopycat |
| 050 00 - LIBRARY OF CONGRESS CALL NUMBER | |
| Classification number | TK7868.P7 |
| Item number | S65 1992 |
| 082 00 - DEWEY DECIMAL CLASSIFICATION NUMBER | |
| Classification number | 621.381531 |
| Edition number | 20 |
| Item number | JUD |
| 100 1# - MAIN ENTRY--PERSONAL NAME | |
| Personal name | Judd, Mike. |
| 9 (RLIN) | 7288 |
| 245 10 - TITLE STATEMENT | |
| Title | Soldering in Electronics Assembly / |
| Statement of responsibility, etc | Mike Judd and Keith Brindley. |
| 260 ## - PUBLICATION, DISTRIBUTION, ETC. (IMPRINT) | |
| Place of publication, distribution, etc | Oxford ; |
| -- | New York : |
| Name of publisher, distributor, etc | Newnes, |
| Date of publication, distribution, etc | c1992. |
| 300 ## - PHYSICAL DESCRIPTION | |
| Extent | xi, 286 p. : |
| Other physical details | ill. ; |
| Dimensions | 26 cm. |
| 504 ## - BIBLIOGRAPHY, ETC. NOTE | |
| Bibliography, etc | Includes bibliographical references (p. [233]-238) and index. |
| 650 #0 - SUBJECT ADDED ENTRY--TOPICAL TERM | |
| Topical term or geographic name as entry element | Printed circuits |
| General subdivision | Design and construction. |
| 9 (RLIN) | 7289 |
| 650 #0 - SUBJECT ADDED ENTRY--TOPICAL TERM | |
| Topical term or geographic name as entry element | Solder and soldering. |
| 9 (RLIN) | 7290 |
| 653 0# - INDEX TERM--UNCONTROLLED | |
| Uncontrolled term | Electronic equipment |
| -- | Components |
| -- | Assembly |
| 700 1# - ADDED ENTRY--PERSONAL NAME | |
| Personal name | Brindley, Keith. |
| 9 (RLIN) | 7291 |
| 740 0# - ADDED ENTRY--UNCONTROLLED RELATED/ANALYTICAL TITLE | |
| Uncontrolled related/analytical title | Electronics assembly. |
| 942 ## - ADDED ENTRY ELEMENTS (KOHA) | |
| Source of classification or shelving scheme | Dewey Decimal Classification |
| Item type | Book - Borrowing |
| Withdrawn status | Item status | Source of classification or shelving scheme | Damaged status | Not for loan | Vendor | Home library | Current library | Shelving location | Date acquired | Source of acquisition | Cost, normal purchase price | Serial Enumeration / chronology | Total Checkouts | Full call number | Barcode | Date last seen | Koha item type |
|---|---|---|---|---|---|---|---|---|---|---|---|---|---|---|---|---|---|
| Dewey Decimal Classification | Alahram | Central Library | Central Library | First floor | 30/06/2009 | 264.00 | 72 | 621.381531 JUD | 000016988 | 15/07/2025 | Book - Borrowing |